000 00593nam a2200229Ia 4500
005 20260320201932.0
008 008 262003s9999 xx 000 0 eng d
037 _aEBOOK
040 _aCRL
040 _beng
040 _cCRL
041 _2eng
041 _aeng
084 _qCRL
100 _aKratky
_91136353
245 0 _aPower BI for Finance: Design effective dashboards, models, and forecasts for finance teams
260 _bIEEE
856 _uhttps://ieeexplore.ieee.org/servlet/opac?bknumber=11278565
942 _cEBOOK
999 _c1724368
_d1724368